|
|
|
|
| LEADER |
00000cam a2200000 7i4500 |
| 001 |
0000093743 |
| 005 |
20240131123405.0 |
| 008 |
|
| 020 |
|
|
|a 9789834940744 (
|q paperback)
|
| 040 |
|
|
|e rda
|
| 041 |
|
|
|a Malay
|
| 090 |
0 |
0 |
|a 793.319595
|b MOH
|
| 100 |
0 |
|
|a Mohd Hairil Anuar Bari ,
|e (author)
|
| 245 |
1 |
0 |
|a Tarian terinai
|c Mohd Hairil Anuar Bari
|
| 264 |
|
1 |
|a Kuala Lumpur :
|b Dewan Bahasa dan Pustaka
|c 2023
|
| 300 |
|
|
|a 60 pages :
|b colour illustration ;
|c 19 cm.
|
| 336 |
|
|
|a text
|2 rdacontent
|
| 337 |
|
|
|a unmediated
|2 rdamedia
|
| 338 |
|
|
|a volume
|2 rdacarrier
|
| 490 |
1 |
|
|a Siri Asas Tarian Melayu
|
| 500 |
|
|
|a Includes index
|
| 504 |
|
|
|a Includes bibliographical references
|
| 541 |
|
|
|c Donation book
|f Inisiatif Belanjawan 2023
|
| 650 |
|
0 |
|a Folk dancing,Malay
|z Malaysia
|
| 650 |
|
0 |
|a Folk dancing
|z Malaysia
|z Johor
|
| 650 |
|
0 |
|a Government publications
|z Malaysia
|
| 730 |
0 |
|
|a Title
|
| 999 |
|
|
|a 0001753087
|b Book
|c Adult Collection
|e Desa - PPAJ
|
| 999 |
|
|
|a 0001753088
|b Book
|c Adult Collection
|e Desa - PPAJ
|
| 999 |
|
|
|a 0001753089
|b Book
|c Adult Collection
|e Desa - PPAJ
|
| 999 |
|
|
|a 0001753090
|b Book
|c Adult Collection
|e Desa - PPAJ
|
| 999 |
|
|
|a 0001753091
|b Book
|c Adult Collection
|e Desa - PPAJ
|
| 999 |
|
|
|a 0001753092
|b Book
|c Adult Collection
|e Desa - PPAJ
|
| 999 |
|
|
|a 0001753093
|b Book
|c Adult Collection
|e Desa - PPAJ
|
| 999 |
|
|
|a 0001753094
|b Book
|c Adult Collection
|e Desa - PPAJ
|
| 999 |
|
|
|a 0001753095
|b Book
|c Adult Collection
|e Desa - PPAJ
|
| 999 |
|
|
|a 0001753096
|b Book
|c Adult Collection
|e Desa - PPAJ
|
| 999 |
|
|
|a 0001753097
|b Book
|c Adult Collection
|e Desa - PPAJ
|
| 999 |
|
|
|a 0001753098
|b Book
|c Adult Collection
|e Desa - PPAJ
|
| 999 |
|
|
|a 0001753099
|b Book
|c Adult Collection
|e Desa - PPAJ
|
| 999 |
|
|
|a 0001753100
|b Book
|c Adult Collection
|e Desa - PPAJ
|
| 999 |
|
|
|a 0001753101
|b Book
|c Adult Collection
|e Desa - PPAJ
|
| 999 |
|
|
|a 0001753102
|b Book
|c Adult Collection
|e Desa - PPAJ
|
| 999 |
|
|
|a 0001753103
|b Book
|c Adult Collection
|e Desa - PPAJ
|
| 999 |
|
|
|a 0001753104
|b Book
|c Adult Collection
|e Desa - PPAJ
|
| 999 |
|
|
|a 0001753105
|b Book
|c Adult Collection
|e Desa - PPAJ
|
| 999 |
|
|
|a 0001753106
|b Book
|c Adult Collection
|e Desa - PPAJ
|
| 999 |
|
|
|a 0001753118
|b Book
|c Adult Collection
|e Desa - PPAJ
|
| 999 |
|
|
|a 0001753119
|b Book
|c Adult Collection
|e Desa - PPAJ
|
| 999 |
|
|
|a 0001753120
|b Book
|c Adult Collection
|e Desa - PPAJ
|
| 999 |
|
|
|a 0001753121
|b Book
|c Adult Collection
|e Desa - PPAJ
|
| 999 |
|
|
|a 0001753127
|b Book
|c Adult Collection
|e Desa - PPAJ
|
| 999 |
|
|
|a 0001753132
|b Book
|c Adult Collection
|e Desa - PPAJ
|
| 999 |
|
|
|a 0001753133
|b Book
|c Adult Collection
|e Desa - PPAJ
|
| 999 |
|
|
|a 0001753134
|b Book
|c Adult Collection
|e Desa - PPAJ
|
| 999 |
|
|
|a 0001753135
|b Book
|c Adult Collection
|e Desa - PPAJ
|
| 999 |
|
|
|a 0001753136
|b Book
|c Adult Collection
|e Desa - PPAJ
|
| 999 |
|
|
|a 0001753137
|b Book
|c Adult Collection
|e Desa - PPAJ
|
| 999 |
|
|
|a 0001753138
|b Book
|c Adult Collection
|e Desa - PPAJ
|
| 999 |
|
|
|a 0001753139
|b Book
|c Adult Collection
|e Desa - PPAJ
|
| 999 |
|
|
|a 0001753140
|b Book
|c Adult Collection
|e Desa - PPAJ
|
| 999 |
|
|
|a 0001753141
|b Book
|c Adult Collection
|e Desa - PPAJ
|
| 999 |
|
|
|a 0001753142
|b Book
|c Adult Collection
|e Desa - PPAJ
|
| 999 |
|
|
|a 0001753143
|b Book
|c Adult Collection
|e Desa - PPAJ
|
| 999 |
|
|
|a 0001753144
|b Book
|c Adult Collection
|e Desa - PPAJ
|
| 999 |
|
|
|a 0001753145
|b Book
|c Adult Collection
|e Desa - PPAJ
|
| 999 |
|
|
|a 0001753146
|b Book
|c Adult Collection
|e Desa - PPAJ
|
| 999 |
|
|
|a 0001753147
|b Book
|c Adult Collection
|e Desa - PPAJ
|